Normal view MARC view
  • PRASAD, DR. V.K.K AND SHYAMALA, KATTULA

Entry Personal Name

Number of records used in: 1

001 - CONTROL NUMBER

  • control field: 3864

003 - CONTROL NUMBER IDENTIFIER

  • control field: OSt

005 - DATE AND TIME OF LATEST TRANSACTION

  • control field: 20170530114143.0

008 - FIXED-LENGTH DATA ELEMENTS

  • fixed length control field: 170530|| aca||aabn | a|a d

040 ## - CATALOGING SOURCE

  • Original cataloging agency: OSt
  • Transcribing agency: OSt

100 ## - HEADING--PERSONAL NAME

  • Personal name: PRASAD, DR. V.K.K AND SHYAMALA, KATTULA

670 ## - SOURCE DATA FOUND

  • Source citation: Work cat.: (OSt): PRASAD, DR. V.K.K AND SHYAMALA, KATTULA, VLSI DESIGN, 2016